[Event "Lvov Tradition IM 09"]
[Site "Lvov"]
[Date "2019.09.28"]
[Round "9"]
[White "Sevostianov, Pavel"]
[Black "Frolov, Artur"]
[Result "1/2-1/2"]
[WhiteElo "2260"]
[BlackElo "2425"]
[PlyCount "62"]
[EventDate "2019.09.23"]
[EventType "tourn"]
[EventRounds "9"]
[EventCountry "UKR"]
[SourceTitle "EXT 2020"]
[Source "ChessBase"]
[SourceDate "2019.10.17"]
[SourceVersion "1"]
[SourceVersionDate "2019.10.17"]
[SourceQuality "1"]

1. d4 Nf6 2. c4 e6 3. Nc3 Bb4 4. Qc2 0-0 5. a3 Bxc3+ 6. Qxc3 b6 7. Bg5 Bb7 8. e3 d6 9. Ne2 Nbd7 10. Qd3 Ba6 11. Nc3 d5 12. Qc2 Bxc4 13. Bxc4 dxc4 14. Qa4 h6 15. Bh4 c5 16. Rd1 Qc8 17. 0-0 Qb7 18. Qxc4 Rac8 19. Qe2 Ne4 20. Qf3 f5 21. Nxe4 Qxe4 22. Qxe4 fxe4 23. Rd2 c4 24. Rc1 b5 25. Kf1 Kf7 26. Ke2 Nb6 27. f3 g5 28. Bg3 exf3+ 29. gxf3 Ke7 30. e4 Rf7 31. Rdc2 Rcf8 1/2-1/2

[Event "Lvov Tradition IM 09"]
[Site "Lvov"]
[Date "2019.09.27"]
[Round "8"]
[White "Vakulenko, Aleksandr"]
[Black "Sevostianov, Pavel"]
[Result "0-1"]
[WhiteElo "2167"]
[BlackElo "2260"]
[PlyCount "68"]
[EventDate "2019.09.23"]
[EventType "tourn"]
[EventRounds "9"]
[EventCountry "UKR"]
[SourceTitle "EXT 2020"]
[Source "ChessBase"]
[SourceDate "2019.10.17"]
[SourceVersion "1"]
[SourceVersionDate "2019.10.17"]
[SourceQuality "1"]

1. d4 g6 2. c4 Bg7 3. Nc3 c5 4. d5 d6 5. e4 e6 6. Bd3 Ne7 7. h4 exd5 8. exd5 0-0 9. Nge2 Nd7 10. h5 Ne5 11. h6 Bh8 12. Bg5 a6 13. Ng3 f6 14. Bf4 f5 15. 0-0 Bf6 16. Qd2 Nxd3 17. Qxd3 g5 18. Bd2 Qe8 19. Rae1 Bd7 20. Qe2 f4 21. Nge4 Be5 22. Nxc5 f3 23. Qe3 fxg2 24. Qxg5+ Ng6 25. Qxg2 dxc5 26. f4 Bd4+ 27. Kh1 Qd8 28. Ne4 Qh4+ 29. Qh2 Qg4 30. Be3 Rae8 31. Bxd4 cxd4 32. c5 Bb5 33. Rf2 Qf5 34. Qg2 Bd3 0-1

[Event "Lvov Tradition IM 09"]
[Site "Lvov"]
[Date "2019.09.25"]
[Round "4"]
[White "Prydun, Andriy"]
[Black "Sevostianov, Pavel"]
[Result "0-1"]
[WhiteElo "2273"]
[BlackElo "2260"]
[PlyCount "118"]
[EventDate "2019.09.23"]
[EventType "tourn"]
[EventRounds "9"]
[EventCountry "UKR"]
[SourceTitle "EXT 2020"]
[Source "ChessBase"]
[SourceDate "2019.10.17"]
[SourceVersion "1"]
[SourceVersionDate "2019.10.17"]
[SourceQuality "1"]

1. d4 Nf6 2. Nf3 d6 3. c3 g6 4. Bg5 Bg7 5. Nbd2 Nc6 6. e4 0-0 7. Bb5 Bd7 8. Qe2 a6 9. Bd3 h6 10. Bxf6 exf6 11. 0-0 Ne7 12. Rfe1 Re8 13. Qd1 Rb8 14. Nf1 f5 15. e5 Bc6 16. exd6 cxd6 17. Ne3 b5 18. Nd2 Qd7 19. Nb3 f4 20. Nc2 Nd5 21. Be2 b4 22. c4 Nf6 23. Bf3 Rxe1+ 24. Nxe1 Ba4 25. Nd3 g5 26. h3 Qa7 27. c5 Ne8 28. Qe2 Bb5 29. Re1 a5 30. c6 Bxd4 31. Qe4 Bb6 32. Rd1 Bxd3 33. Qxd3 Bxf2+ 34. Kh1 a4 35. Nd2 Qd4 36. Qc2 Qa7 37. Bd5 Kg7 38. Nc4 Bc5 39. Bf3 b3 40. axb3 axb3 41. Qc3+ Kg8 42. Qd3 Qe7 43. Nd2 Qe3 44. Qf5 Qe5 45. Qb1 Nf6 46. Nc4 Qe7 47. Re1 Qc7 48. Qf5 Kg7 49. h4 Rh8 50. Qd3 g4 51. Bd5 Qd8 52. g3 Re8 53. Rf1 f3 54. Nd2 Qe7 55. Bc4 Qe5 56. Kh2 Nh5 57. Ne4 f5 58. Qd5 Qxd5 59. Bxd5 fxe4 0-1

[Event "Lvov Tradition IM 09"]
[Site "Lvov"]
[Date "2019.09.25"]
[Round "5"]
[White "Sevostianov, Pavel"]
[Black "Gavrish, Leonid"]
[Result "1-0"]
[WhiteElo "2260"]
[BlackElo "2022"]
[PlyCount "53"]
[EventDate "2019.09.23"]
[EventType "tourn"]
[EventRounds "9"]
[EventCountry "UKR"]
[SourceTitle "EXT 2020"]
[Source "ChessBase"]
[SourceDate "2019.10.17"]
[SourceVersion "1"]
[SourceVersionDate "2019.10.17"]
[SourceQuality "1"]

1. Nf3 Nf6 2. c4 c5 3. g3 g6 4. Bg2 Bg7 5. Nc3 0-0 6. d4 cxd4 7. Qxd4 Nc6 8. Qh4 d5 9. cxd5 Na5 10. 0-0 h5 11. e4 Nc4 12. h3 Nh7 13. g4 hxg4 14. hxg4 e6 15. Ng5 Nxg5 16. Bxg5 Qb6 17. b3 Bxc3 18. bxc4 exd5 19. Rab1 Qa6 20. Rb3 Bg7 21. Rh3 f6 22. Bh6 g5 23. Qh5 Bxh6 24. Qxh6 Kf7 25. Qh7+ Ke6 26. exd5+ Kd6 27. c5+ 1-0

[Event "Lvov Tradition IM 01"]
[Site "Lvov"]
[Date "2019.01.30"]
[Round "7"]
[White "Gavrish, Leonid"]
[Black "Sevostianov, Pavel"]
[Result "0-1"]
[WhiteElo "2149"]
[BlackElo "2258"]
[PlyCount "134"]
[EventDate "2019.01.27"]
[EventType "tourn"]
[EventRounds "9"]
[EventCountry "UKR"]
[SourceTitle "CBM 188 Extra"]
[Source "ChessBase"]
[SourceDate "2019.02.26"]
[SourceVersion "1"]
[SourceVersionDate "2019.02.26"]
[SourceQuality "1"]

1. d4 Nf6 2. c4 d6 3. Nc3 Bf5 4. f3 e5 5. dxe5 dxe5 6. Qxd8+ Kxd8 7. e4 Be6 8. Bg5 Nbd7 9. 0-0-0 Be7 10. f4 exf4 11. Bxf4 c6 12. h3 Nh5 13. Bh2 Bg5+ 14. Kc2 Bf4 15. Bxf4 Nxf4 16. Nf3 Ke7 17. Nd5+ cxd5 18. cxd5 Rac8+ 19. Kb1 Nc5 20. dxe6 Nfxe6 21. e5 Ne4 22. Bb5 Rc7 23. Rhe1 N4c5 24. Nd4 Nxd4 25. Rxd4 Ne6 26. Rc4 Rd8 27. Rxc7+ Nxc7 28. Bc4 Rd2 29. Rc1 Ne6 30. g3 g6 31. a4 b6 32. Ka2 Rd4 33. Ka3 Nc5 34. b4 Nd3 35. Rc3 Nxe5 36. Bb5 Kd6 37. Rc8 Re4 38. Ra8 Re3+ 39. Kb2 a5 40. bxa5 bxa5 41. Rxa5 Rxg3 42. Ra8 Rxh3 43. a5 Kc5 44. Rb8 Nd3+ 45. Bxd3 Rxd3 46. a6 Rd7 47. Rb7 Rd8 48. a7 Ra8 49. Rxf7 h5 50. Rg7 Kd4 51. Rxg6 Rxa7 52. Rh6 Ra5 53. Kc2 Ke3 54. Re6+ Kf2 55. Kd3 Ra3+ 56. Kd4 h4 57. Rh6 h3 58. Ke4 Kg2 59. Kf4 Rf3+ 60. Kg4 Rg3+ 61. Kf4 Rg8 62. Ra6 h2 63. Ra2+ Kh3 64. Ra3+ Kh4 65. Ra7 Rg4+ 66. Ke3 Kg3 67. Ra1 Rh4 0-1

[Event "Lvov Tradition IM 01"]
[Site "Lvov"]
[Date "2019.01.29"]
[Round "4"]
[White "Sevostianov, Pavel"]
[Black "Prydun, Andriy"]
[Result "0-1"]
[WhiteElo "2258"]
[BlackElo "2218"]
[PlyCount "70"]
[EventDate "2019.01.27"]
[EventType "tourn"]
[EventRounds "9"]
[EventCountry "UKR"]
[SourceTitle "CBM 188 Extra"]
[Source "ChessBase"]
[SourceDate "2019.02.26"]
[SourceVersion "1"]
[SourceVersionDate "2019.02.26"]
[SourceQuality "1"]

1. e4 e6 2. Nc3 d5 3. g3 Nf6 4. Bg2 c5 5. exd5 exd5 6. d3 Be7 7. Nge2 d4 8. Ne4 Nxe4 9. Bxe4 Nd7 10. 0-0 Nf6 11. Bg2 0-0 12. Bg5 Bg4 13. h3 Bd7 14. Nf4 Nd5 15. Bxe7 Nxe7 16. Qh5 Qb6 17. Rae1 Ng6 18. Nd5 Qd6 19. f4 f5 20. c4 dxc3 21. bxc3 Rae8 22. c4 b6 23. h4 Ne7 24. Re3 Nxd5 25. Bxd5+ Qxd5 26. cxd5 Rxe3 27. Kf2 Rfe8 28. Rd1 g6 29. Qg5 Re2+ 30. Kf1 Kg7 31. h5 Rh2 32. g4 Rh1+ 33. Kf2 Rxd1 34. gxf5 Bxf5 35. h6+ Kf7 0-1

[Event "Lvov Tradition IM 01"]
[Site "Lvov"]
[Date "2019.01.28"]
[Round "3"]
[White "Siniauski, Artsiom"]
[Black "Sevostianov, Pavel"]
[Result "1/2-1/2"]
[WhiteElo "2182"]
[BlackElo "2258"]
[PlyCount "72"]
[EventDate "2019.01.27"]
[EventType "tourn"]
[EventRounds "9"]
[EventCountry "UKR"]
[SourceTitle "CBM 188 Extra"]
[Source "ChessBase"]
[SourceDate "2019.02.26"]
[SourceVersion "1"]
[SourceVersionDate "2019.02.26"]
[SourceQuality "1"]

1. e4 c5 2. Nf3 d6 3. Bb5+ Nc6 4. 0-0 Nf6 5. Re1 Bd7 6. c3 a6 7. Bf1 Bg4 8. h3 Bh5 9. d3 e6 10. g4 Bg6 11. Nh4 e5 12. f4 exf4 13. Bxf4 Be7 14. Nd2 Nd7 15. Nf5 Bxf5 16. exf5 0-0 17. Bg2 Nde5 18. Nc4 Rb8 19. Qd2 b5 20. Nxe5 Nxe5 21. Bxe5 dxe5 22. Rxe5 b4 23. Rae1 Bh4 24. Rf1 bxc3 25. bxc3 Bg5 26. Qe2 Qa5 27. Re4 Qxc3 28. Rc4 Qf6 29. Be4 Rb2 30. Rc2 Rfb8 31. Kh1 h6 32. Bd5 Kf8 33. Bb3 Qc6+ 34. Qg2 Qxg2+ 35. Rxg2 Rxg2 36. Kxg2 Re8 1/2-1/2

[Event "Lvov Tradition IM 01"]
[Site "Lvov"]
[Date "2018.01.26"]
[Round "8"]
[White "Sevostianov, Pavel"]
[Black "Bykovskiy, Oleg"]
[Result "0-1"]
[WhiteElo "2266"]
[BlackElo "2197"]
[PlyCount "92"]
[EventDate "2018.01.22"]
[EventType "tourn"]
[EventRounds "9"]
[EventCountry "UKR"]
[SourceTitle "CBM 182 Extra"]
[Source "ChessBase"]
[SourceDate "2018.02.23"]
[SourceVersion "1"]
[SourceVersionDate "2018.02.23"]
[SourceQuality "1"]

1. Nf3 d5 2. g3 Nf6 3. Bg2 g6 4. 0-0 Bg7 5. c4 c6 6. cxd5 Qxd5 7. Nc3 Qh5 8. Qb3 0-0 9. d4 Nbd7 10. a4 e5 11. dxe5 Nxe5 12. Nxe5 Qxe5 13. a5 Qe7 14. a6 bxa6 15. Bxc6 Bh3 16. Bg2 Bxg2 17. Kxg2 Rab8 18. Qc4 Rb6 19. f3 Qb7 20. Rf2 Rc8 21. Qa4 h5 22. e4 Nd7 23. Nd5 Nc5 24. Qd1 Rb3 25. Ra3 Kh7 26. Rxb3 Nxb3 27. Be3 a5 28. Bg5 Rc6 29. h4 Nd4 30. Qd3 a4 31. Be3 Qb3 32. Qxb3 axb3 33. f4 a5 34. e5 Nc2 35. Bd2 a4 36. Bc3 Rc5 37. e6 fxe6 38. Nf6+ Bxf6 39. Bxf6 Ne3+ 40. Kf3 Ng4 41. Bd4 Rd5 42. Rd2 a3 43. bxa3 b2 44. Rxb2 Rxd4 45. Rb7+ Kg8 46. Ra7 Nf6 0-1

[Event "Lvov Tradition IM 01"]
[Site "Lvov"]
[Date "2018.01.25"]
[Round "6"]
[White "Sevostianov, Pavel"]
[Black "Mosesov, Danylo"]
[Result "1/2-1/2"]
[WhiteElo "2266"]
[BlackElo "2294"]
[PlyCount "98"]
[EventDate "2018.01.22"]
[EventType "tourn"]
[EventRounds "9"]
[EventCountry "UKR"]
[SourceTitle "CBM 182 Extra"]
[Source "ChessBase"]
[SourceDate "2018.02.23"]
[SourceVersion "1"]
[SourceVersionDate "2018.02.23"]
[SourceQuality "1"]

1. Nf3 Nf6 2. g3 b5 3. Bg2 Bb7 4. 0-0 e6 5. d3 c5 6. e4 d6 7. Ng5 h6 8. Nh3 Nbd7 9. f4 Be7 10. Nd2 Qc7 11. Nf3 0-0 12. Nf2 e5 13. Nh4 Rfe8 14. Nf5 Bf8 15. Ng4 Re6 16. Nge3 c4 17. a4 a6 18. axb5 axb5 19. Rxa8 Bxa8 20. Bd2 Qc5 21. Kh1 Bb7 22. Qe1 Qc8 23. b4 cxb3 24. cxb3 Nc5 25. Qb1 Qa8 26. b4 Na4 27. Rf2 Kh8 28. Qf1 Qd8 29. Bh3 exf4 30. gxf4 Re8 31. Bg2 Kh7 32. Qb1 g6 33. Ng3 Bg7 34. d4 Qb6 35. e5 Bxg2+ 36. Rxg2 dxe5 37. fxe5 Qxd4 38. exf6 Bxf6 39. Qb3 Re6 40. Qd5 Qb6 41. Ne4 Bg7 42. Nc5 Nxc5 43. bxc5 Qa6 44. Rf2 f5 45. Nc2 Re4 46. Qd7 Rc4 47. Be3 Qa8+ 48. Kg1 Qe4 49. Bd4 Qg4+ 1/2-1/2

[Event "Lvov Tradition IM 17th"]
[Site "Lvov"]
[Date "2017.11.10"]
[Round "9"]
[White "Bogdanov, Egor"]
[Black "Sevostianov, Pavel"]
[Result "1/2-1/2"]
[WhiteElo "2317"]
[BlackElo "2264"]
[PlyCount "66"]
[EventDate "2017.11.06"]
[EventType "tourn"]
[EventRounds "9"]
[EventCountry "UKR"]
[SourceTitle "CBM 181 Extra"]
[Source "ChessBase"]
[SourceDate "2017.12.12"]
[SourceVersion "1"]
[SourceVersionDate "2017.12.12"]
[SourceQuality "1"]

1. e4 e6 2. d4 d5 3. Nc3 Nf6 4. e5 Nfd7 5. f4 c5 6. Nf3 Nc6 7. Be3 a6 8. Qd2 b5 9. a3 Qb6 10. Ne2 Bb7 11. dxc5 Bxc5 12. Ned4 Nxd4 13. Nxd4 Qc7 14. Bd3 Be7 15. 0-0 g6 16. Qf2 Nc5 17. Nb3 Ne4 18. Bxe4 dxe4 19. Bb6 Qc8 20. c3 Bd5 21. Nd2 0-0 22. Qe3 a5 23. Rac1 Qc6 24. Bd4 Rfd8 25. Rfe1 Rac8 26. h3 Kg7 27. Nxe4 Bxe4 28. Qxe4 Qc4 29. Kh2 Bc5 30. Qe3 Bxd4 31. cxd4 Qa2 32. Qf2 Rc4 33. Rxc4 bxc4 1/2-1/2

[Event "Lvov Tradition IM 17th"]
[Site "Lvov"]
[Date "2017.11.08"]
[Round "5"]
[White "Sevostianov, Pavel"]
[Black "Krzywda, Andrzej"]
[Result "1/2-1/2"]
[WhiteElo "2264"]
[BlackElo "2174"]
[PlyCount "75"]
[EventDate "2017.11.06"]
[EventType "tourn"]
[EventRounds "9"]
[EventCountry "UKR"]
[SourceTitle "CBM 181 Extra"]
[Source "ChessBase"]
[SourceDate "2017.12.12"]
[SourceVersion "1"]
[SourceVersionDate "2017.12.12"]
[SourceQuality "1"]

1. e4 c5 2. Ne2 d6 3. d4 cxd4 4. Nxd4 Nf6 5. Nc3 a6 6. a4 e6 7. Be2 Be7 8. a5 0-0 9. 0-0 Nc6 10. Nb3 Qc7 11. f4 b5 12. axb6 Qxb6+ 13. Kh1 Bb7 14. Bf3 Rfe8 15. Qe2 Nd7 16. Be3 Qc7 17. Qf2 Bf6 18. Na4 Rac8 19. Rfd1 g6 20. Rd2 Bg7 21. Rad1 Bf8 22. Nb6 Nxb6 23. Bxb6 Qb8 24. c3 Qa8 25. Qe3 Qb8 26. Ra1 Bh6 27. Rad1 Ne5 28. Na5 Nxf3 29. gxf3 e5 30. Rxd6 exf4 31. Qf2 Ba8 32. c4 Bf8 33. c5 f5 34. Rd7 Qe5 35. c6 Bxc6 36. Nxc6 Rxc6 37. Bd4 Qe6 38. Bc3 1/2-1/2

[Event "Lvov Tradition IM 17th"]
[Site "Lvov"]
[Date "2017.11.08"]
[Round "4"]
[White "Zgadzaj, Rafal"]
[Black "Sevostianov, Pavel"]
[Result "0-1"]
[WhiteElo "2133"]
[BlackElo "2264"]
[PlyCount "102"]
[EventDate "2017.11.06"]
[EventType "tourn"]
[EventRounds "9"]
[EventCountry "UKR"]
[SourceTitle "CBM 181 Extra"]
[Source "ChessBase"]
[SourceDate "2017.12.12"]
[SourceVersion "1"]
[SourceVersionDate "2017.12.12"]
[SourceQuality "1"]

1. c4 f5 2. g3 Nf6 3. Bg2 e5 4. Nc3 Bb4 5. Qb3 a5 6. a3 Bxc3 7. Qxc3 d6 8. b3 Nc6 9. d3 h6 10. e3 0-0 11. Ne2 Qe8 12. 0-0 Qh5 13. Ra2 Bd7 14. f4 Rae8 15. b4 axb4 16. axb4 e4 17. b5 Nd8 18. Nd4 Ne6 19. Nxe6 Bxe6 20. Ra7 Bc8 21. Re1 Rf7 22. Bb2 Kh7 23. Ra8 exd3 24. Qxd3 Ne4 25. Qd5 Rfe7 26. Qd4 Qg6 27. Re2 b6 28. Rb8 Nc5 29. Bc6 Bd7 30. Rxe8 Bxe8 31. Bf3 Bd7 32. Bc1 Bc8 33. Bd5 Bb7 34. Ba3 Bxd5 35. cxd5 Qg4 36. Rg2 Qf3 37. Bxc5 bxc5 38. Qd3 Qxe3+ 39. Qxe3 Rxe3 40. Ra2 Rb3 41. Ra7 Rxb5 42. Rxc7 Rb1+ 43. Kf2 Rd1 44. Ke3 Rxd5 45. h3 Kg6 46. g4 fxg4 47. hxg4 Rd4 48. Kf3 Kf6 49. Rc8 c4 50. Ke3 Rd3+ 51. Kf2 c3 0-1

[Event "Lvov Tradition IM-A 16th"]
[Site "Lvov"]
[Date "2017.10.01"]
[Round "9"]
[White "Prydun, Andriy"]
[Black "Sevostianov, Pavel"]
[Result "0-1"]
[WhiteElo "2097"]
[BlackElo "2248"]
[PlyCount "97"]
[EventDate "2017.09.26"]
[EventType "tourn"]
[EventRounds "9"]
[EventCountry "UKR"]
[EventCategory "1"]
[SourceTitle "EXT 2018"]
[Source "ChessBase"]
[SourceDate "2017.10.13"]
[SourceVersion "1"]
[SourceVersionDate "2017.10.13"]
[SourceQuality "1"]

1. e4 e6 2. d4 b6 3. Nc3 Bb7 4. Bd3 Nf6 5. Nge2 c5 6. 0-0 cxd4 7. Nxd4 d6 8. Bg5 Nbd7 9. Qe2 h6 10. Bh4 g5 11. Bg3 h5 12. h4 gxh4 13. Bxh4 Be7 14. Rfe1 Rg8 15. Ba6 Qc8 16. Bxb7 Qxb7 17. Rad1 a6 18. f3 Ne5 19. f4 Neg4 20. Qf3 Rc8 21. e5 Qxf3 22. Nxf3 dxe5 23. fxe5 Nd7 24. Bxe7 Kxe7 25. Rd4 Rc5 26. Rde4 Rgc8 27. a4 Nf8 28. Kf1 Ng6 29. Rb4 R8c6 30. Nd4 Rc7 31. Rxb6 N6xe5 32. Rxa6 Nc4 33. Ncb5 Rd7 34. b4 Rxb5 35. Nc6+ Kf6 36. axb5 Rd5 37. b6 Rb5 38. Ke2 Nd6 39. Kd3 Nf2+ 40. Kc3 Nfe4+ 41. Kd3 Rd5+ 42. Ke3 Ng3 43. Kf3 h4 44. Na5 Ndf5 45. b7 Rb5 46. Ra8 Nd4+ 47. Kf2 Rf5+ 48. Kg1 Nde2+ 49. Rxe2 0-1

[Event "Lvov Tradition IM-A 16th"]
[Site "Lvov"]
[Date "2017.09.30"]
[Round "8"]
[White "Sevostianov, Pavel"]
[Black "Nester, Ihor"]
[Result "1/2-1/2"]
[WhiteElo "2248"]
[BlackElo "2369"]
[PlyCount "148"]
[EventDate "2017.09.26"]
[EventType "tourn"]
[EventRounds "9"]
[EventCountry "UKR"]
[EventCategory "1"]
[SourceTitle "EXT 2018"]
[Source "ChessBase"]
[SourceDate "2017.10.13"]
[SourceVersion "1"]
[SourceVersionDate "2017.10.13"]
[SourceQuality "1"]

1. Nf3 f5 2. d3 d6 3. Nc3 e5 4. e4 Nc6 5. exf5 Bxf5 6. h3 Nf6 7. d4 Nb4 8. Bb5+ c6 9. Ba4 e4 10. g4 Bd7 11. Nh4 Qe7 12. g5 Nfd5 13. Nxd5 Nxd5 14. c4 Nb4 15. Bc2 Nxc2+ 16. Qxc2 g6 17. Be3 Bg7 18. 0-0-0 0-0 19. Ng2 c5 20. dxc5 dxc5 21. Nf4 Bc6 22. Nd5 Qe5 23. h4 b6 24. h5 Rad8 25. hxg6 hxg6 26. Nf6+ Bxf6 27. gxf6 Rxd1+ 28. Qxd1 Qxf6 29. Qg4 Qf5 30. Qg3 Qe6 31. Kb1 Rf7 32. Rh6 Rg7 33. Qh4 Qd7 34. Rh8+ Kf7 35. Qf4+ Ke6 36. Qg4+ Kf7 37. Qf4+ Ke6 38. b3 Qd1+ 39. Kb2 Qf3 40. Qb8 Qf6+ 41. Ka3 Qe5 42. Qc8+ Bd7 43. Qa8 a5 44. Qb7 Kf5 45. Rf8+ Kg4 46. Qxb6 a4 47. Qxc5 Qxc5+ 48. Bxc5 axb3 49. axb3 Bf5 50. b4 Be6 51. Kb3 Rc7 52. Rf6 Bf7 53. Kc3 Kg5 54. Ra6 Kf5 55. Kd4 g5 56. b5 g4 57. b6 Rb7 58. Kc3 Ke5 59. Ra8 Kf4 60. Be3+ Kf3 61. Rh8 Ke2 62. Bd4 Rd7 63. c5 Bd5 64. Rh5 e3 65. Bxe3 g3 66. fxg3 Kxe3 67. Re5+ Be4 68. c6 Rd6 69. Kb4 Rxc6 70. Kb5 Rc1 71. b7 Rb1+ 72. Ka6 Rxb7 73. Rxe4+ Kxe4 74. Kxb7 Kf3 1/2-1/2

[Event "Lvov Tradition IM-A 16th"]
[Site "Lvov"]
[Date "2017.09.28"]
[Round "4"]
[White "Sevostianov, Pavel"]
[Black "Praczukowski, Stanislaw"]
[Result "1/2-1/2"]
[WhiteElo "2248"]
[BlackElo "2091"]
[PlyCount "60"]
[EventDate "2017.09.26"]
[EventType "tourn"]
[EventRounds "9"]
[EventCountry "UKR"]
[EventCategory "1"]
[SourceTitle "EXT 2018"]
[Source "ChessBase"]
[SourceDate "2017.10.13"]
[SourceVersion "1"]
[SourceVersionDate "2017.10.13"]
[SourceQuality "1"]

1. c4 e6 2. Nf3 Nf6 3. e3 d5 4. b3 Be7 5. Bb2 0-0 6. Be2 b6 7. 0-0 Bb7 8. cxd5 exd5 9. d4 Nbd7 10. Nbd2 Ne4 11. Nxe4 dxe4 12. Nd2 c5 13. Rc1 Rc8 14. Bb5 cxd4 15. Rxc8 Qxc8 16. Bxd4 Nf6 17. Be2 Qf5 18. Nc4 Rd8 19. Qa1 Ba6 20. Qb2 Qg5 21. Be5 Bc8 22. Bf4 Qd5 23. Bc7 Rd7 24. Bg3 Rd8 25. Bc7 Rd7 26. Bg3 Rd8 27. Bc7 Rd7 28. Bg3 Rd8 29. Bc7 Rd7 30. Bg3 Rd8 1/2-1/2

[Event "Mukachevo Rating 33rd"]
[Site "Mukachevo"]
[Date "2017.03.24"]
[Round "9"]
[White "Sevostianov, Pavel"]
[Black "Kagramanianz, Vartan"]
[Result "1/2-1/2"]
[WhiteElo "2248"]
[BlackElo "2292"]
[PlyCount "27"]
[EventDate "2017.03.19"]
[EventType "tourn"]
[EventRounds "9"]
[EventCountry "UKR"]
[EventCategory "2"]
[SourceTitle "CBM 177 Extra"]
[Source "ChessBase"]
[SourceDate "2017.04.27"]
[SourceVersion "1"]
[SourceVersionDate "2017.04.27"]
[SourceQuality "1"]

1. Nf3 Nf6 2. d4 d5 3. g3 c6 4. Bg2 Bf5 5. 0-0 e6 6. Nbd2 h6 7. c4 Be7 8. b3 0-0 9. Bb2 Nbd7 10. Re1 Ne4 11. Nxe4 Bxe4 12. Nd2 Bxg2 13. Kxg2 Nf6 14. e3 1/2-1/2

[Event "Lvov Tradition IM-A"]
[Site "Lvov"]
[Date "2017.03.23"]
[Round "4"]
[White "Krzywda, Andrzej"]
[Black "Sevostianov, Pavel"]
[Result "0-1"]
[WhiteElo "2132"]
[BlackElo "2248"]
[PlyCount "46"]
[EventDate "2017.03.21"]
[EventType "tourn"]
[EventRounds "9"]
[EventCountry "UKR"]
[SourceTitle "CBM 177 Extra"]
[Source "ChessBase"]
[SourceDate "2017.04.27"]
[SourceVersion "1"]
[SourceVersionDate "2017.04.27"]
[SourceQuality "1"]

1. e4 e5 2. Nf3 Nc6 3. d4 exd4 4. Nxd4 g6 5. Nc3 Bg7 6. Be3 Nf6 7. Nxc6 bxc6 8. e5 Ng8 9. f4 f6 10. Qf3 fxe5 11. 0-0-0 Qf6 12. Bc4 Ne7 13. Bb3 d5 14. Bc5 e4 15. Qf2 0-0 16. Nxe4 Qxf4+ 17. Qxf4 Rxf4 18. Bxe7 Rxe4 19. Rxd5 cxd5 20. Bxd5+ Re6 21. Re1 Kf7 22. Bd8 c6 23. Bc4 Bd7 0-1

[Event "Mukachevo Rating 33rd"]
[Site "Mukachevo"]
[Date "2017.03.21"]
[Round "5"]
[White "Skliarov, Viktor"]
[Black "Sevostianov, Pavel"]
[Result "1-0"]
[WhiteElo "2379"]
[BlackElo "2248"]
[PlyCount "131"]
[EventDate "2017.03.19"]
[EventType "tourn"]
[EventRounds "9"]
[EventCountry "UKR"]
[EventCategory "2"]
[SourceTitle "CBM 177 Extra"]
[Source "ChessBase"]
[SourceDate "2017.04.27"]
[SourceVersion "1"]
[SourceVersionDate "2017.04.27"]
[SourceQuality "1"]

1. e4 e6 2. d4 d5 3. e5 c5 4. c3 Nc6 5. Nf3 Bd7 6. a3 c4 7. Nbd2 Na5 8. g3 Bc6 9. Bh3 Qd7 10. Nf1 Ba4 11. Qe2 Nb3 12. Rb1 Nxc1 13. Rxc1 Ne7 14. Ne3 Nc6 15. 0-0 0-0-0 16. Nd2 Kb8 17. f4 f5 18. exf6 gxf6 19. Ng2 Re8 20. Rfe1 Nd8 21. Nf3 Bd6 22. Qd2 Qg7 23. Re2 Bd7 24. Rce1 Qh6 25. Ngh4 Rhg8 26. f5 Qxd2 27. Rxd2 Kc7 28. Rde2 exf5 29. Bxf5 Rxe2 30. Rxe2 Rg7 31. Kf2 Bc6 32. Bc2 Rf7 33. Nf5 Bf8 34. N3h4 b5 35. Ng2 a5 36. Nf4 b4 37. axb4 axb4 38. Re1 bxc3 39. bxc3 Bd6 40. Kf3 Bxf4 41. Kxf4 Kd7 42. Nh6 Rg7 43. Bf5+ Kd6 44. Ng4 Rf7 45. h4 h5 46. Bg6 hxg4 47. Bxf7 Nxf7 48. Kxg4 Bd7+ 49. Kh5 Bf5 50. g4 Be4 51. g5 fxg5 52. hxg5 Nh8 53. Ra1 Kc6 54. Ra8 Bf3+ 55. Kh6 Nf7+ 56. Kg6 Nd6 57. Ra6+ Kd7 58. Kf6 Ne4+ 59. Ke5 Nxg5 60. Kf4 Ne4 61. Kxf3 Nxc3 62. Kf4 Nb5 63. Ke5 Nc7 64. Rd6+ Ke7 65. Rc6 Kd7 66. Rc5 1-0

[Event "Lvov Tradition IM 01"]
[Site "Lvov"]
[Date "2017.01.28"]
[Round "9"]
[White "Lagashin, Pavel"]
[Black "Sevostianov, Pavel"]
[Result "1/2-1/2"]
[WhiteElo "2207"]
[BlackElo "2262"]
[PlyCount "60"]
[EventDate "2017.01.23"]
[EventType "tourn"]
[EventRounds "9"]
[EventCountry "UKR"]
[EventCategory "1"]
[SourceTitle "CBM 176 Extra"]
[Source "ChessBase"]
[SourceDate "2017.03.02"]
[SourceVersion "1"]
[SourceVersionDate "2017.03.02"]
[SourceQuality "1"]

1. Nf3 Nf6 2. c4 e6 3. d4 b6 4. a3 Bb7 5. Nc3 d5 6. Bg5 Be7 7. Qa4+ Qd7 8. Qc2 dxc4 9. e4 b5 10. Rd1 a6 11. Be2 0-0 12. 0-0 Rd8 13. Rfe1 Qe8 14. d5 Nbd7 15. a4 Nc5 16. axb5 axb5 17. Nd4 b4 18. Bxf6 Bxf6 19. Ncb5 Bxd4 20. Nxd4 exd5 21. exd5 Bxd5 22. Bxc4 Qf8 23. Bxd5 Rxd5 24. h3 Rad8 25. Nc6 Rxd1 26. Rxd1 Rxd1+ 27. Qxd1 Ne6 28. Qb3 Qc5 29. Nxb4 Qc1+ 30. Kh2 Qf4+ 1/2-1/2

[Event "Mukachevo Rating 31st"]
[Site "Mukachevo"]
[Date "2016.11.24"]
[Round "9"]
[White "Bykovskiy, Oleg"]
[Black "Sevostianov, Pavel"]
[Result "1-0"]
[WhiteElo "2326"]
[BlackElo "2274"]
[PlyCount "59"]
[EventDate "2016.11.19"]
[EventType "tourn"]
[EventRounds "9"]
[EventCountry "UKR"]
[EventCategory "2"]
[SourceTitle "CBM 175 Extra"]
[Source "ChessBase"]
[SourceDate "2016.12.12"]
[SourceVersion "1"]
[SourceVersionDate "2016.12.12"]
[SourceQuality "1"]

1. Nc3 g6 2. Nf3 c6 3. d4 Bg7 4. e4 d5 5. exd5 cxd5 6. Bf4 a6 7. Ne5 f6 8. Nf3 Nh6 9. Bd3 Nf7 10. Qe2 0-0 11. 0-0-0 Nc6 12. h4 Bg4 13. h5 gxh5 14. Kb1 e5 15. dxe5 fxe5 16. Nxd5 Nd4 17. Bxh7+ Kxh7 18. Rxd4 exd4 19. Qe4+ Kh8 20. Nh4 Re8 21. Ng6+ Kg8 22. Nde7+ Rxe7 23. Nxe7+ Kf8 24. Ng6+ Kg8 25. f3 Bd7 26. Rxh5 Bb5 27. Ne5 d3 28. Qh7+ Kf8 29. Ng6+ Ke8 30. Qg8+ 1-0